Dahmer : Il cannibale di Milwaukee /
Salvato in:
| Altri autori: | , , , , , |
|---|---|
| Natura: | |
| Lingua: | italiano |
| Pubblicazione: |
[Italia] :
CVC,
c2004
|
| Tags: |
Nessun Tag, puoi essere il primo ad aggiungerne!!
|
MARC
| LEADER | 00000ngm a22000007i 4500 | ||
|---|---|---|---|
| 001 | IT\ICCU\CAG\1112463 | ||
| 003 | ItRI | ||
| 005 | 20260124182912.0 | ||
| 008 | 060330s2004 it |||||||||||||||k|||||c | ||
| 028 | 4 | 2 | |a HDS10S736 |
| 040 | |b ita | ||
| 041 | 7 | |a ita |2 ISO-639-2 | |
| 245 | 0 | 0 | |a Dahmer : |b Il cannibale di Milwaukee / |c regia di David Jacobson ; musica Christina Agamanolis, Mariana Bernoki e Willow Williamson ; direttore della fotografia Chris Manley. |
| 260 | |a [Italia] : |b CVC, |c c2004 |e (distributore) | ||
| 300 | |a 1 DVD (98 min.) : |b color., son. (Dolby digital) | ||
| 500 | |a Codice area: 2; sistema e formato video: PAl, 1.77:1, 16/9 anamorfico colore | ||
| 500 | |a Tit. del conntenitore | ||
| 500 | |a Ripr. del film del 2002, prod. USA; interpreti: Jeremy Kenner, Bruce Davison, Artel Kajaru, Matt Newton, Dion Basco | ||
| 500 | |a Contenuti extra: Dietro le quinte, Intervista a David Jacobson (regista), Intervista a James Renner (Dahmer), Commento audio di David Jacobson, Jeremy Renner e Artel Kayàru, Trailer cinematografico originale | ||
| 500 | |a Lingue: italiano, inglese; sottotitoli: italiano, inglese; italiano per non udenti | ||
| 500 | |a Vietato ai minori di 18 anni. | ||
| 700 | 1 | |a Agamanolis, Christina |0 IT\ICCU\CAGV\428794 | |
| 700 | 1 | |a Bernorki, Mariana |0 IT\ICCU\CAGV\428796 | |
| 700 | 1 | |a Williamson, Willow |0 IT\ICCU\CAGV\428797 | |
| 700 | 1 | |a Manley, Chris |0 IT\ICCU\CAGV\428798 | |
| 700 | 1 | |a Jacobson, David |c (omonimi non identificati) |0 IT\ICCU\PUVV\159964 | |
| 700 | 1 | |a Davison, Bruce |0 IT\ICCU\RAVV\095115 | |
| 942 | |2 ddc |c VM |n 0 | ||
| 952 | |0 0 |1 0 |4 0 |6 VO_1366_000000000000000 |7 0 |9 27820 |a BO |b BO |d 2026-01-24 |i 10656 |l 0 |o VO 1366 |p BO10656 |r 2026-01-24 18:29:12 |w 2026-01-24 |x [Sebina 5] [1 dvd] |y VM |z 1 dvd | ||
| 999 | |c 23582 |d 23582 | ||